North South University Library OPAC

The Dacca law reports : (Record no. 30954)

MARC details
000 -LEADER
fixed length control field 01024nam a2200301 a 4500
001 - CONTROL NUMBER
control field BD-DhNSU-30954
003 - CONTROL NUMBER IDENTIFIER
control field BD-DhNSU
005 - DATE AND TIME OF LATEST TRANSACTION
control field 20260422162003.0
008 - FIXED-LENGTH DATA ELEMENTS--GENERAL INFORMATION
fixed length control field 260406s1971 bg ||||g vwg| 000 0|eng d
040 ## - CATALOGING SOURCE
Original cataloging agency DLC
Transcribing agency BD-DhNSU
Modifying agency BD-DhNSU
041 ## - LANGUAGE CODE
Language code of text eng
050 00 - LIBRARY OF CONGRESS CALL NUMBER
Classification number KNG19
Item number .A2D33 1971
245 04 - TITLE STATEMENT
Title The Dacca law reports :
Remainder of title (a monthly law journal) ,
Number of part/section of a work Vol. 23 /
Statement of responsibility, etc. edited by Obaidul Huq Chowdhury.
246 0# - VARYING FORM OF TITLE
Title proper/short title DLR :
Remainder of title Volume XXIII
260 ## - PUBLICATION, DISTRIBUTION, ETC.
Place of publication, distribution, etc. Dhaka :
Name of publisher, distributor, etc. Dacca Law Reports,
Date of publication, distribution, etc. c1971.
300 ## - PHYSICAL DESCRIPTION
Extent volumes ;
Dimensions 25 cm.
500 ## - GENERAL NOTE
General note "A journal of law reports."
500 ## - GENERAL NOTE
General note Cit. 23 DLR (AD); 23 DLR etc.
526 0# - STUDY PROGRAM INFORMATION NOTE
Program name Law
590 ## - LOCAL NOTE (RLIN)
Documentalist Nuri Mahajabi
590 ## - LOCAL NOTE (RLIN)
Documentalist Sumaiya Kainat Bintey Kohinoor
650 #0 - SUBJECT ADDED ENTRY--TOPICAL TERM
Topical term or geographic name entry element Law reports, digests, etc.
Geographic subdivision Bangladesh.
650 #0 - SUBJECT ADDED ENTRY--TOPICAL TERM
Topical term or geographic name entry element Law reports, digests, etc.
Geographic subdivision India
-- Bengal.
700 ## - ADDED ENTRY--PERSONAL NAME
Personal name Chowdhury, Obaidul Huq
Relator term editor
710 2# - ADDED ENTRY--CORPORATE NAME
Corporate name or jurisdiction name as entry element Bangladesh.
Subordinate unit The Appellate Division, Supreme Court.
710 2# - ADDED ENTRY--CORPORATE NAME
Corporate name or jurisdiction name as entry element East Pakistan (Pakistan).
Subordinate unit High Court of Judicature.
942 ## - ADDED ENTRY ELEMENTS (KOHA)
Source of classification or shelving scheme lcc
Koha item type BK
999 ## - SYSTEM CONTROL NUMBERS (KOHA)
-- 30954
-- 30954
Holdings
Withdrawn status Lost status Source of classification or shelving scheme Damaged status Not for loan Collection Code Permanent Location Current Location Shelving location Date acquired Source of acquisition (Supplier) Currency Price Serial Enumeration / chronology Bill Code Total Checkouts Call Number Barcode (Accession #) Date last seen Copy number Bill Date Item type
    lcc   Not For Loan Reference Law Conference Room Law Conference Room General Stacks 2026-04-05 BM Book Traders ৳ (BDT) 1080.00 vol-23 086:2026   KNG19.A2D33 1971 49190 2026-04-06 3 2026-03-31 Books
    lcc   Not For Loan Reference North South University Library North South University Library Reference Section 2020-12-31 BM Book Traders ৳ (BDT) 4700.00 vol-23 040:2020   KNG19.A2D33 1971 48054 2026-04-22 1 2020-12-27 Books
    lcc   Not For Loan Reference North South University Library North South University Library Reference Section 2020-12-31 BM Book Traders ৳ (BDT) 4700.00 vol-23 040:2020   KNG19.A2D33 1971 48055 2026-04-22 2 2020-12-27 Books
© 2017-2026 NSU Library
North South University

Powered by Koha